000 00838nam a2200217Ia 4500
003 OSt
005 20241003134311.0
007 ca aa aaaaa
008 201103s9999 xx 000 0 und d
040 _cSSBUL
041 _abur
082 _223
_a၂၉၄.၃ ဇ
_b၉၁၇၅ S-SAT
100 0 _a ဇနကာဘိဝံသ၊ အရှင်
245 1 0 _aအနာဂတ်သာသနာရေး /
_cအရှင်ဇနကာဘိဝံသ။
250 _aဒွါဒသမအကြိမ်။
260 _aအမရပူရ ၊
_bမဟာဂန္ဓာရုံစာပေ၊
_c၂၀၀၃။
300 _aဏ၊ ၅၀၀ စာမျက်နှာ ၊
_bဓါတ်ပုံ၊
_c၁၈ စင်တီ။
500 _aS-SAT: Dr. Sai Aung Tun
650 _aဗုဒ္ဓဘာသာ
942 _2ddc
_cBK1
999 _c16722
_d16722